00000000nas 2200000zi 4500
0019.949948
003CaOODSP
00520250410151642
006m     o  d f      
007cr cn ||||||||
008250409d19811993oncar p o    f0    0fre|d
040 |aCaOODSP|bfre|erda|cCaOODSP
0410 |aeng|afre
043 |an-cn---
0861 |aNR1-1-PDF
1102 |aConseil national de recherches Canada.|eauteur, |eorganisme de publication.
24510|aAnnual report.
24615|aRapport annuel
2461 |iLes livraisons de 1983/1984-1987/1988 comportent le titre : |aRapport annuel du CNRC
2461 |iLa livraison de 1988/1989 comporte le titre : |aCNRC rapport annuel
2463 |aRapport annuel du Conseil national de recherches Canada
264 1|aOttawa, Ont. : |bConseil national de recherches du Canada, |c[1981-1993]
310 |aAnnuel
336 |atexte|btxt|2rdacontent/fre
337 |ainformatique|bc|2rdamedia/fre
338 |aressource en ligne|bcr|2rdacarrier/fre
3621 |aParaît depuis : 1980/1981; ne paraît plus après : 1992/1993.
546 |aTexte en anglais et en français.
588 |aDescription d'après : 1980/1981; titre de la page de titre du fichier PDF.
588 |aDernière livraison consultée : 1992/1993.
61026|aConseil national de recherches Canada|vPériodiques.
650 6|aRecherche|zCanada|vPériodiques.
650 6|aRecherche industrielle|zCanada|vPériodiques.
655 7|aPériodiques|2rvmgf
78000|tReport of the President / |w(CaOODSP)9.944958
78500|tReport to Parliament / |w(CaOODSP)9.949960
788 |tAnnual report.|eeng|w(CaOODSP)9.949949